|
|
|
|
| LEADER |
00000nab a2200000 a 4500 |
| 001 |
vtls008962906 |
| 003 |
SK-MaSNL |
| 005 |
20260303070735.0 |
| 008 |
070411c200701 xo r p 000 00slo |
| 038 |
|
|
|a SVKPOCL
|
| 040 |
|
|
|a SVKPOCL
|b slo
|c AACR2
|e AACR2
|
| 041 |
|
|
|a slo
|
| 044 |
|
|
|a xo
|c SK
|
| 080 |
|
|
|a 82:06.063
|2 2001
|
| 080 |
|
|
|a 378.4.096(437.6)
|2 2001
|
| 100 |
1 |
|
|a Belásová, Daniela
|4 aut
|9 1068570
|
| 245 |
1 |
0 |
|a Vyhodnotili Písmenkový Prešovský kraj
|c text a foto: Daniela Belásová
|
| 300 |
|
|
|a Fotogr.
|
| 610 |
2 |
7 |
|a Prešovská univerzita v Prešove.
|b Pedagogická fakulta.
|b Katedra predškolskej a elementárnej pedagogiky a psychológie
|2 SNKKA
|9 173571
|
| 611 |
2 |
7 |
|a Písmenkový Prešovský kraj
|g literárna súťaž
|d (2006 :
|c Prešov, Slovensko)
|2 svkpocl
|9 1068571
|
| 650 |
0 |
7 |
|a literárne súťaže
|2 svkpocl
|9 4275
|
| 651 |
|
7 |
|a Prešov (Slovensko)
|2 svkpocl
|9 17347
|
| 651 |
|
7 |
|a Prešovský samosprávny kraj (Slovensko)
|2 svkpocl
|9 23301
|
| 773 |
0 |
|
|t Prešovská univerzita
|g Roč. XI, č. 1 (2007), s. 16
|
| 852 |
|
|
|a SVKPO
|b KIS3GCP
|
| 958 |
|
|
|a RG
|
| 999 |
|
|
|c 1756725
|d 1758655
|